| 000 | 00488nam a2200145 i 4500 | ||
|---|---|---|---|
| 001 | 72784 | ||
| 003 | ES-MaACL | ||
| 007 | t| | ||
| 008 | 040903s1936 sp ||||1| spa d | ||
| 100 | 1 |
_aGoetze, Raimundo. _957580 |
|
| 245 | 1 | 0 |
_aElementos de física matemática / _cpor Raimundo Goetze ; versión española del mismo autor. |
| 260 |
_aBarcelona : _bLabor, _c1936 ( _fImp. Elzeviviana y Librería Camí) |
||
| 300 |
_aXIII, 301 p. : _bil. ; _c23 cm. |
||
| 852 |
_aES-MaACL _jB-9823 _bR.19498 |
||
| 999 |
_c72784 _d72784 |
||